| 000 | 01501cam a2200205 i 4500 | ||
|---|---|---|---|
| 001 | 116589 | ||
| 005 | 20230410142410.0 | ||
| 008 | 140804s2013 it ac r 000 f ita d | ||
| 020 | _a9788845268335 | ||
| 100 | 1 |
_aEco, Umberto. _d1932- |
|
| 245 | 0 | 3 |
_aIl Cimitero di Praga / _cUmberto Eco |
| 250 | _a1ª ed. | ||
| 260 |
_aItalia : _bTascabili Bompiani, _c2013 |
||
| 300 |
_a523 p. : _bill. |
||
| 500 | _aContiene referencias iconográficas. | ||
| 505 | 0 | _aIl pasante che in quella grigia mattina -- Chi sono? -- Chez Magny -- I tempi del nonno -- Simonino carbonaro -- Al sevizio dei Servizi -- Coi Mille -- L'Ercole -- Parigi -- Dalla Piccola perplesso -- Joly -- Una notte a Praga -- Dalla Piccola dice di non essere Dalla Piccola -- Biarritz -- Dalla Piccola redivio -- Boullan -- I giorni della Comune -- Protocolli -- Osman Bey -- Dei russi? -- Taxil -- Il diavolo al XIX secolo -- Dodici anni ben spesi -- Una notte a messa -- Chiarirsi le idee -- La soluzione finale -- Diario interrotto | |
| 520 | _aSimone Simonini è un falsario. Si sposta nell'Europa ottocentesca offrendo i propri servigi a governanti, poliziotti e servizi segreti. Messe nere e attentati dinamitardi, gesuiti, massoni, camicie rosse e carbonari, il suo genio bilioso plasma in silenzio la Storia, seminando dietro di sé una scia di rovine e dolore. Dal naufragio in cui muore Ippolito Nievo, all'affaire Dreyfus alla torbida invenzione dei Protocolli dei Savi Anziani di Sion. | ||
| 942 |
_2lcc _cbk |
||
| 946 | _aJaaM | ||
| 999 |
_c95021 _d95021 |
||